| 000 | 00506nam a2200205Ia 4500 | ||
|---|---|---|---|
| 008 | 170918s9999 xx 000 0 und d | ||
| 020 | _a9780064440206 | ||
| 050 | _bL797 1970 | ||
| 100 | _aLobel, Arnold | ||
| 245 | _aFrog and toad are friends / | ||
| 245 | _cby ArnoldLobel. | ||
| 260 | _aNew York : | ||
| 260 | _bHarperCollins Publishers, | ||
| 260 | _c1970 | ||
| 300 | _a64 pages : | ||
| 300 | _bcolored illustration ; | ||
| 300 | _c21cm. | ||
| 440 | _aAn I can read book. | ||
| 500 | _a400 | ||
| 999 |
_c342925 _d342925 |
||